000 00560nam a22001937a 4500
005 20160719110305.0
010 _aENG-115454
020 _a9789351439776
_c130.00
035 _aEN-98986
037 _bDBAD/PUB
082 _a346.5402
100 _aRosedar S.R.A.
245 _aLaw of contract-I /
_cRosedar S.R.A.
250 _b2nd ed.
260 _aGurgaon
_bLexisNexis
_c2016
270 _a14th Floor, Buiding N0-10,Tower-B,DLF Cyber City,Phase-II
_bGurgaon
_e122002
300 _a195p.
_c21cm (pbk)
942 _2ddc
_cEN
_h346.5402
_mROS
999 _c101352
_d101352